| Tag |
First Indicator |
Second Indicator |
Subfields |
| LEADER |
00000cam a2200000Mi 4500 |
| 001 |
in00003578286 |
| 006 |
m o d |
| 007 |
cr mnu---uuaaa |
| 008 |
121227s1982 gw a o 000 0 eng |
| 005 |
20260423141916.7 |
| 019 |
|
|
|a 840294210
|
| 020 |
|
|
|a 9783642686160 (electronic bk.)
|
| 020 |
|
|
|a 3642686168 (electronic bk.)
|
| 020 |
|
|
|z 9783642686184
|
| 020 |
|
|
|z 3642686184
|
| 035 |
|
|
|a (OCoLC)851742480
|z (OCoLC)840294210
|
| 040 |
|
|
|a AU@
|b eng
|e pn
|c AU@
|d OCLCO
|d OCLCQ
|d I9W
|d GW5XE
|d OCLCQ
|d OCLCF
|d UtOrBLW
|
| 049 |
|
|
|a TXAM
|
| 050 |
|
4 |
|a QL1-991
|
| 072 |
|
7 |
|a PSV
|2 bicssc
|
| 072 |
|
7 |
|a SCI070000
|2 bisacsh
|
| 082 |
0 |
4 |
|a 590
|2 23
|
| 100 |
1 |
|
|a Papi, F.
|q (Floriano),
|d 1926-
|
| 245 |
1 |
0 |
|a Avian Navigation :
|b International Symposium on Avian Navigation (ISAN) held at Tirrenia (Pisa), September 11-14, 1981 /
|c edited by Floriano Papi, Hans G. Wallraff.
|
| 264 |
|
1 |
|a Berlin, Heidelberg :
|b Springer Berlin Heidelberg,
|c 1982.
|
| 300 |
|
|
|a 1 online resource (xiii, 380 pages 135 illustrations)
|
| 336 |
|
|
|a text
|b txt
|2 rdacontent
|
| 337 |
|
|
|a computer
|b c
|2 rdamedia
|
| 338 |
|
|
|a online resource
|b cr
|2 rdacarrier
|
| 490 |
0 |
|
|a Proceedings in life sciences,
|x 0172-6625
|
| 500 |
|
|
|a Electronic resource.
|
| 650 |
|
0 |
|a Life sciences.
|
| 650 |
|
0 |
|a Zoology.
|
| 650 |
|
7 |
|a Life sciences.
|2 fast
|0 (OCoLC)fst00998323
|
| 650 |
|
7 |
|a Zoology.
|2 fast
|0 (OCoLC)fst01184696
|
| 655 |
|
7 |
|a Electronic books.
|2 local
|
| 700 |
1 |
|
|a Wallraff, Hans G.
|
| 710 |
2 |
|
|a SpringerLink (Online service)
|
| 776 |
1 |
8 |
|i Print version:
|z 9783642686184
|
| 856 |
4 |
0 |
|u http://proxy.library.tamu.edu/login?url=https://link.springer.com/10.1007/978-3-642-68616-0
|z Connect to the full text of this electronic book
|t 0
|
| 994 |
|
|
|a 92
|b TXA
|
| 999 |
|
|
|a MARS
|
| 999 |
f |
f |
|s b052c968-71ed-3398-86e0-12d430ae3232
|i fc14e19a-3a9d-3ac8-9ae1-ddf88edb6a37
|t 0
|
| 952 |
f |
f |
|a Texas A&M University
|b College Station
|c Electronic Resources
|s www_evans
|d Available Online
|t 0
|e QL1-991
|h Library of Congress classification
|
| 998 |
f |
f |
|a QL1-991
|t 0
|l Available Online
|